Pokračovanie revízneho výskumu v Stupave

Bibliographic Details
Main Authors: Staník, Ivan (Author), Turčan, Vladimír, 1952- (Author)
Format: Article
Language:Slovak
Subjects:

MARC

LEADER 00000nab a2200000 a 4500
001 vtls000612106
003 SK-MaSNL
005 20260304094928.0
008 250425c1995 xo 0 slo
015 |a SNBRA19rr/mm-uuuuu 
035 |a CL0612245 
035 |a urn:nbn:sk:snk-abg00 
035 |a (urnnbn)urn:nbn:sk:snk:ar-a04d6s 
035 |a (uuid)9335ba8d-37bc-406d-b420-78ae7cc723f4 
040 |a SNKBUCL  |b slo  |c SNKBUCL  |e AACR2 
041 0 |a slo 
044 |a xo  |c SK 
080 |a 902.2(437.6)  |2 1981 
100 1 |a Staník, Ivan  |4 aut  |9 279919 
245 1 0 |a Pokračovanie revízneho výskumu v Stupave  |c Ivan Staník, Vladimír Turčan 
300 |b Res. nem. 
651 7 |a Stupava (Slovensko)  |2 snkbucl  |9 24904 
655 7 |a články zo zborníkov  |2 snkbucl  |9 166140 
700 1 |a Turčan, Vladimír,  |d 1952-  |4 aut  |9 13496 
773 0 |t Archeologické výskumy a nálezy na Slovensku v roku 1993  |d Nitra : Archeologický ústav SAV, 1995  |g S. 122  |z 8088709164 
850 |a Slovenská národná knižnica 
852 |a Slovenská národná knižnica 
954 |a odborná, vedecká literatúra pôvodná (slovenská)  |2 lita 
957 |a 5201 
958 |a article27 
958 |a SK 
958 |a RK 
958 |a OND 
958 |a EUIPO 
999 |c 2829754  |d 2831684